Memes politiques - 1 - Statistiques

Statistiques générales
  • Ce quiz a été pris 853 fois
  • Le résultat moyen est 8 sur 13
Statistiques - réponses
Référence Politicien % Correct
"PARCE QUE C'EST NOTRE PROJEEET" Emmanuel Macron
97%
"Be you, be ff be proud of you because you can be do what we want to do" François Hollande
97%
"Vous m'avez manquÉéÉ" Valérie Pécresse
82%
"La République : c'est moi" Jean-Luc Mélenchon
80%
"Mon cochon préféré ? C'est une petite cochonne...c'est mon épouse" Jean Lassalle
73%
"VOUS ÊTES DES ENFANTS DE BOURGEOIS, DES ENFANTS DE BOURGEOIS" Marine Le Pen
70%
"Calmez-vous Monsieur Darmanin, ça va bien se passer" Jordan Bardella
54%
"Vous savez, ces mots de Richelieu : HIN" Eric Zemmour
51%
"Mais vous fumez Monsieur" Nicolas Sarkozy
51%
"Elle est où la Silicone Valley en Seine-Saint-Denis, c'est plutôt la Silicone Voilée non ?" Jean Messiha
37%
"Vous préférez manger des pépitos que de voter sur le projet de loi de finances, j'espère que le gâteau était bon !" David Guiraud
36%
"Arrêtez de faire sujet-verbe-immigration en permanence" Gabriel Attal
30%
"J'veux rassurer tout l'monde, on va pas interdire les plans à trois, on va pas interdire l'infidélité" Marlène Schiappa
14%
Aucun quiz correspondant
Distribution des résultats
% des personnes avec chaque résultat
Percentile par nombre de réponses
Votre historique - résultats
Vous n’avez pas pris ce quiz